<The> World Factbook 1992

Gespeichert in:
Bibliographische Detailangaben
Format: Buch
Sprache:Englisch
Veröffentlicht: Washington Central Intelligence Agency 1992
Ausgabe:1. ed.
Schlagworte:
Tags: Tag hinzufügen
Keine Tags, Fügen Sie das erste Tag hinzu!

MARC

LEADER 00000nam a2200000 4500
001 c019521
005 20221214092000.9
041 0 |a eng 
044 |a US 
245 1 0 |a <The> World Factbook 1992 
250 |a 1. ed. 
264 1 |a Washington  |b Central Intelligence Agency  |c 1992 
300 |a 439 s. 
610 2 0 |a informácie faktografické 
610 2 0 |a informácie sociálno-ekonomické 
610 2 0 |a informácie štatistické 
610 2 0 |a svet 
610 2 0 |a geografia hospodárska 
610 2 0 |a populácia